000 00420nam a2200169 4500
008 b xx# fre u
010 _a65/66
040 _aLB-BrCRDP
082 _aH:F/H673
130 0 _lFR
245 1 0 _aL'histoire
260 _aParis
_bHachette
_c1983
490 0 _aPorte ouvert sur _
500 _a* CE : livret 2 . * CM : livret 1 et 2 .
942 _cBK
999 _c11221
_d11221